MARC details
| 000 -LEADER |
| campo de control de longitud fija |
02686cam a2200445 4500 |
| 001 - NÚMERO DE CONTROL |
| campo de control |
22226 |
| 005 - FECHA Y HORA DE LA ÚLTIMA TRANSACCIÓN |
| campo de control |
20230410103649.0 |
| 008 - DATOS DE LONGITUD FIJA--INFORMACIÓN GENERAL |
| campo de control de longitud fija |
060907n2004 mdu eng |
| 035 ## - NÚMERO DE CONTROL DEL SISTEMA |
| -- |
funglode22389 |
| 010 ## - NÚMERO DE CONTROL DE LA BIBLIOTECA DEL CONGRESO |
| Número de control de LC |
2003024438 |
| 035 ## - NÚMERO DE CONTROL DEL SISTEMA |
| Número de control de sistema |
(OCoLC)ocm53375137 |
| 040 ## - FUENTE DE CATALOGACIÓN |
| Centro catalogador/agencia de origen |
DLC |
| Lengua de catalogación |
eng |
| Centro/agencia transcriptor |
DLC |
| Centro/agencia modificador |
OCLCQ |
| -- |
UKM |
| -- |
OCL |
| -- |
BAKER |
| -- |
NLGGC |
| -- |
BTCTA |
| -- |
YDXCP |
| -- |
OCLCG |
| -- |
HEBIS |
| -- |
OCLCQ |
| 015 ## - NÚMERO DE BIBLIOGRAFÍA NACIONAL |
| Número de bibliografía nacional |
GBA3V8290 |
| Fuente |
bnb |
| 016 7# - NÚMERO DE CONTROL DE UNA AGENCIA BIBLIOGRÁFICA NACIONAL |
| Número de control del registro |
007710408 |
| Fuente |
Uk |
| 020 ## - NÚMERO INTERNACIONAL ESTÁNDAR DEL LIBRO |
| Número Internacional Estándar del Libro |
0742528049 (cloth : alk. paper) |
| 020 ## - NÚMERO INTERNACIONAL ESTÁNDAR DEL LIBRO |
| Número Internacional Estándar del Libro |
9780742528048 (cloth : alk. paper) |
| 020 ## - NÚMERO INTERNACIONAL ESTÁNDAR DEL LIBRO |
| Número Internacional Estándar del Libro |
0742528057 (pbk. : alk. paper) |
| 020 ## - NÚMERO INTERNACIONAL ESTÁNDAR DEL LIBRO |
| Número Internacional Estándar del Libro |
9780742528055 (pbk. : alk. paper) |
| 035 ## - NÚMERO DE CONTROL DEL SISTEMA |
| Número de control de sistema |
(OCoLC)53375137 |
| 042 ## - CÓDIGO DE AUTENTICACIÓN |
| Código de autenticación |
pcc |
| 050 14 - SIGNATURA TOPOGRÁFICA DE LA BIBLIOTECA DEL CONGRESO |
| Número de clasificación |
300 JN 12 |
| Número de ítem |
E89 2004 |
| 082 00 - NÚMERO DE LA CLASIFICACIÓN DECIMAL DEWEY |
| Número de clasificación |
320.94 |
| 049 ## - FONDOS LOCALES (OCLC) |
| Biblioteca depositaria |
GRAL |
| 245 00 - MENCIÓN DEL TÍTULO |
| Título |
Europe today. |
| Nombre de parte o sección de la obra |
National politics, European integration, and European security / |
| Mención de responsabilidad, etc. |
edited by Ronald Tiersky. |
| 246 30 - FORMA VARIANTE DEL TITULO |
| Título propio/Titulo breve |
National politics, European integration, and European security |
| 250 ## - MENCION DE EDICION |
| Mención de edición |
2nd ed. |
| 260 ## - PUBLICACIÓN, DISTRIBUCIÓN, ETC. |
| Lugar de publicación, distribución, etc. |
Lanham : |
| Nombre del editor, distribuidor, etc. |
Rowman & Littlefield, |
| Fecha de publicación, distribución, etc. |
c2004. |
| 300 ## - DESCRIPCIÓN FÍSICA |
| Extensión |
xiii, 515 p. : |
| Otras características físicas |
ill., maps ; |
| Dimensiones |
26 cm. |
| 490 1# - MENCIÓN DE SERIE |
| Mención de serie |
Europe today |
| 504 ## - NOTA DE BIBLIOGRAFÍA, ETC. |
| Nota de bibliografía, etc. |
Includes bibliographical references and index. |
| 505 0# - NOTA DE CONTENIDO CON FORMATO |
| Nota de contenido con formato |
Integration and security: Europe after Iraq / Ronald Tiersky -- The European Union : from community to constitution / John Van Oudenaren -- European Monetary Union and the problem of macroeconomic governance / Erik Jones -- NATO: European security and beyond? / Jeffrey Simon and Sean Kay -- EU Enlargement: the return to Europe / John Van Oudenaren -- Keep out! protectionism, migration control, and globalization / Jochen Lorentzen -- The making of a suprational rule of law : the battle for supremacy / Karen Alter -- Countries -- Unified Germany: the desire for stability and the need for change / Helga Welsh -- France: ending the Gaullist era / Robert Graham -- Great Britain: in and out of Europe? / Michael Mannin -- Italy: a society in search of a state / Patrick McCarthy, with Mark Gilbert and Emanuela Poli -- Spain: from isolation to integration / Paul Heywood -- Scandinavia: still the middle way? / Eric S. Einhorn and John Logue -- Poland: breaking multiple barriers / Ray Taras. |
| 651 #0 - PUNTO DE ACCESO ADICIONAL DE MATERIA--NOMBRE GEOGRÁFICO |
| Nombre geográfico |
Europe |
| Subdivisión general |
Politics and government |
| Subdivisión cronológica |
1989- |
| 651 #0 - PUNTO DE ACCESO ADICIONAL DE MATERIA--NOMBRE GEOGRÁFICO |
| Nombre geográfico |
Europe |
| Subdivisión general |
History |
| Subdivisión cronológica |
1989- |
| 700 1# - ENTRADA AGREGADA--NOMBRE PERSONAL |
| Nombre de persona |
Tiersky, Ronald, |
| Fechas asociadas al nombre |
1944- |
| 776 08 - ENTRADA DE FORMULARIO FÍSICO ADICIONAL |
| Información de relación |
Online version: |
| Título |
Europe today. National politics, European integration, and European security. |
| Edición |
2nd ed. |
| Lugar, editor y fecha de publicación |
Lanham : Rowman & Littlefield, c2004 |
| Número de control del registro |
(OCoLC)622121602 |
| 830 #0 - PUNTO DE ACCESO ADICIONAL DE SERIE-TÍTULO UNIFORME |
| Título uniforme |
Europe today (Rowman and Littlefield, Inc.) |
| 856 41 - LOCALIZACIÓN Y ACCESO ELECTRÓNICOS |
| Materiales especificados |
Table of contents |
| Identificador Uniforme de Recursos |
<a href="http://catdir.loc.gov/catdir/toc/ecip0411/2003024438.html">http://catdir.loc.gov/catdir/toc/ecip0411/2003024438.html</a> |
| 942 ## - ELEMENTOS DE ENTRADA SECUNDARIOS (KOHA) |
| Fuente del sistema de clasificación o colocación |
Clasificación de Library of Congress |
| Tipo de ítem Koha |
|
| 994 ## - |
| -- |
C0 |
| -- |
DRFGD |